| 000 | 00582nam a2200205Ia 4500 | ||
|---|---|---|---|
| 003 | GCL | ||
| 008 | 140319s9999 xx 000 0 ara d | ||
| 040 |
_aGCL / _cGCL |
||
| 082 | 0 | 4 |
_a780.72 _bا ت |
| 100 | 1 | _aاميمة امين | |
| 245 | 1 | 0 |
_aتطبيقات عملية فى التربية الموسيقية:الموسيقى وطفل الحضانة / _cاميمة امين |
| 300 | _a135ص | ||
| 490 | _a | ||
| 650 | 0 | 4 | _aالاطفال |
| 650 | 0 | 4 | _aالموسيقى |
| 650 | 0 | 4 | _aالغناء |
| 650 | 0 | 4 | _aالاغانى |
| 650 | 0 | 4 | _aالتدريب |
| 942 |
_2ddc _cBK |
||
| 999 |
_c44495 _d44495 |
||